000 00265nam a22001217a 4500
008 170712b xxu||||| |||| 00| 0 eng d
041 _aeng
080 _a038
100 _a23
101 _aFJA
245 _aHINDI-ENGLISH DICTIONARY
_cTIWARI, R.C
942 _2udc
_cBK
999 _c20361
_d20361